| 000 | 00996nam1a22002291 4500 | ||
|---|---|---|---|
| 001 | rc\2877426 | ||
| 005 | 20110718014221.9 | ||
| 035 | _a(NLR Aleph) 007030467 | ||
| 090 |
_a5998064 _c5998064 |
||
| 100 | _a20110718d1932 |||y0rusy50 ca | ||
| 101 | 0 | _arus | |
| 102 | _aRU | ||
| 105 | _ay z ||||| | ||
| 200 | 1 |
_aГенеральный план электрификации СССР _eМатериалы к Всес. конф-ции _fПод ред. Г.И. Ломова _gГосплан СССР. Организационный ком-т по составлению генерального плана электрификации СССР |
|
| 210 |
_aМосква _aЛенинград _cГос. соц.-экон. изд. _d1932 _eМосква _gтип. "Образцовая" |
||
| 215 | _d20×14 см | ||
| 702 | 1 |
_aЛомов _bГ. И. _gГеоргий Ипполитович _4340 |
|
| 801 | 0 |
_aRU _bNLR _gpsbo |
|
| 801 | 1 |
_aRU _bELAR _2rusmarc |
|
| 852 |
_aNLR _j32-17/362(4) |
||
| 942 | _cBOOK | ||
| 980 | _aNB | ||